000 00988nam a22002897a 4500
001 00002377
003 DO-SdBPM
005 20250630091812.0
007 ta
008 160609b2008 sp ||| |||| 00| 0 spa d
020 _a9781575546001
040 _aDO-SdBPM
_bspa
_cBPMSU
_erda
082 4 _a611
_bP973a 2008
_222
100 1 _aPryce, Delroy
_eautor
245 1 0 _aAprendiendo de mi cuerpo /
_cDelroy Pryce. ; editor José I. Pacheco
264 _aDoral, Florida Apia ; México D. F. :
_bGema MarpaArtes Gráf,
_c2008.
300 _a79 págians . :
_bilustraciones ., retrato. ;
_c28 cm.
336 _atexto
_btxt
_2rdacontant
337 _asin mediación
_bn
_2rdamedia
338 _avolumen
_bnc
_2rdacarrier
490 0 _aLas maravillas de la creación
650 7 _aCuerpo humano
_xEnseñanza primaria.
650 7 _aAnatomía humana
_xEnseñanza primaria.
700 4 _aPacheco, José I.
_eeditor
910 _aVMateo V. Control de calidad. BPMSU
942 _2ddc
_cBK
999 _c10334
_d10334